Top 50 Highest Paid Athletes - Statistics

General Stats
  • This quiz has been taken 386 times
  • The average score is 14 of 50
Answer Stats
Total Earnings Sport Athlete % Correct
$59.4 million Golf Tiger Woods
94%
$53 million Basketball Lebron James
88%
$39 million Soccer Lionel Messi
86%
$42.5 million Soccer Cristiano Ronaldo
85%
$52.7 million Tennis Roger Federer
79%
$85 million Boxing Floyd Mayweather
72%
$52.3 million Basketball Kobe Bryant
66%
$33.2 million Tennis Rafael Nadal
64%
$27.1 million Football Tom Brady
59%
$24.5 million Baseball Derek Jeter
57%
$46 million Soccer David Beckham
48%
$28 million F1 Racing Lewis Hamilton
46%
$42.4 million Football Peyton Manning
44%
$26.6 million Football Eli Manning
43%
$33.2 million Football Mario Williams
42%
$25.5 million Basketball Kevin Durant
40%
$47.8 million Golf Phil Mickelson
34%
$34.4 million Football Charles Johnson
31%
$24.3 million Soccer Wayne Rooney
30%
$33 million Baseball Alex Rodriguez
29%
$24.7 million Basketball Dwyane Wade
27%
$30 million F1 Racing Michael Schumacher
26%
$62 million Boxing Manny Pacquiao
23%
$32 million F1 Racing Fernando Alonso
22%
$22.9 million Basketball Carmelo Anthony
21%
$25.6 million Basketball Dwight Howard
18%
$27.9 million Tennis Maria Sharapova
18%
$28.2 million Nascar Racing Dale Earnhardt Jr.
16%
$23.6 million Nascar Racing Jeff Gordon
13%
$28 million Boxing Wladimir Klitschko
12%
$23.3 million Football Ben Roethlisberger
11%
$30 million Motorcycle Racing Valentino Rossi
11%
$22.3 million Nascar Racing Tony Stewart
9%
$23.8 million Baseball CC Sabathia
8%
$22.7 million Basketball Amar'e Stoudemire
6%
$36.8 million Football Larry Fitzgerald
6%
$22 million Football Michael Vick
6%
$26.5 million Cricket Mahendra Singh Dhoni
5%
$24.2 million Football Mark Sanchez
5%
$22.2 million Golf Luke Donald
4%
$36 million Football Ndamukong Suh
4%
$28.3 million Football Darrelle Revis
3%
$23.8 million Baseball Johan Santana
3%
$27 million Baseball Joe Mauer
2%
$22.8 million Baseball Mark Teixeira
2%
$27.8 million Football Sam Bradford
2%
$37.3 million Football Haloti Ngata
1%
$24 million Baseball Ichiro Suzuki
1%
$22.1 million Baseball Vernon Wells
1%
$26.5 million Football LaMarr Woodley
0%
No matching quizzes found
Score Distribution
Percent of People with Each Score
Percentile by Number Answered
Your Score History
You have not taken this quiz